|
|
|
|
| LEADER |
00000nab a2200000 a 4500 |
| 001 |
vtls010720372 |
| 003 |
SK-MaSNL |
| 005 |
20260304193415.0 |
| 008 |
250709s xo |||||||||||||||||slo| |
| 035 |
|
|
|a (urnnbn)urn:nbn:sk:snk:ar-a04qy6
|
| 035 |
|
|
|a (uuid)d5a13153-d0f2-480c-bd7b-76442f11f379
|
| 035 |
|
|
|a urn:nbn:sk:snk-ab3lgl
|
| 040 |
|
|
|a SNKBUCL
|b slo
|c SNKBUCL
|e AACR2
|
| 041 |
0 |
|
|a cze
|
| 044 |
|
|
|a xo
|c SK
|
| 100 |
1 |
|
|a Svobodová, Ed.
|4 aut
|9 1527477
|
| 245 |
1 |
0 |
|a Několik poznámek k pomůckám používaným při vyučování matematice na zvláštních školách
|c Ed. Svobodová
|
| 773 |
0 |
|
|t Otázky defektológie : časopis pre teóriu a prax na školách a v zariadeniach pre mládež vyžadujúcu osobitnú starostlivosť
|g Roč. 10, č. 6 (1967-1968), s. 226-227
|
| 850 |
|
|
|a Slovenská národná knižnica
|
| 852 |
|
|
|a Slovenská národná knižnica
|
| 958 |
|
|
|a article1
|
| 958 |
|
|
|a OND
|
| 958 |
|
|
|a EUIPO
|
| 999 |
|
|
|c 3066513
|d 3068443
|